|
|
|
|
| LEADER |
00000css a2200000 a 4500 |
| 001 |
65168-65 |
| 003 |
Ucuenca |
| 005 |
20231130220006.0 |
| 008 |
000000|2007 ec |||||r|||||||||||spa|| |
| 022 |
|
|
|a 0257-1625
|
| 040 |
|
|
|b spa
|
| 041 |
0 |
|
|a spa
|
| 082 |
0 |
|
|a 680.5
|b C386a
|
| 110 |
2 |
|
|a Centro Interamericano de Artesanías y Artes Populares.
|g CIDAP
|9 78569
|
| 245 |
|
|
|a Artesanías de América
|c Centro Interamericano de Artesanías y Artes Populares
|h imp
|
| 264 |
|
|
|a Cuenca
|c Diciembre de 2007
|b Cidap
|
| 300 |
|
|
|a 290 páginas:
|b ilu
|c 21 cm
|
| 362 |
|
|
|a no. 65 (diciembre de 2007)
|
| 650 |
|
0 |
|a Artesanías
|9 22260
|
| 650 |
|
0 |
|a América
|9 165
|
| 650 |
|
4 |
|a Antropología
|9 1387
|
| 650 |
|
0 |
|a Revista artesanias de america
|9 177174
|
| 650 |
|
0 |
|a Revista del cidap
|9 177175
|
| 852 |
|
|
|a UC-CDJBV
|f Donación
|l 1
|m General
|p 00000000
|r 2
|t 65168-65
|b 0
|d CDRC
|e CDRC
|g 680.5 C386a TERCER PISO (SECCION REVISTAS)
|z 0000-00-00
|
| 942 |
|
|
|c SER
|2 ddc
|z nube.salto@ucuenca.edu.ec
|0 1
|
| 999 |
|
|
|c 145415
|d 145415
|